00501nam a22001457a 4500008004100000020001400041050002100055100002000076245011900096260004700215300002300262500001800285650003200303700002000335170321b xxu||||| |||| 00| 0 eng d a13795302x aQ175 b.A33 1989 aAgnew Neil McK  aThe science game : ban introduction to research in the behavioral sciences /cNeil Mck. Agnew and Sandra W. Pyke. aEnglewood Cliffs : bPrentice-Hall,c1969. aix,188 p. :b ill. aInclude index aSocial sciencesxResearch.  aSandra W. Pyke.